La prueba testifical: del subjetivismo al objetivismo, del aislamiento científico al diálogo con la Psicología y la Epistemología

Guardat en:
Dades bibliogràfiques
Autor principal: Ramos, Vitor de Paula (Autor)
Format: Llibre
Idioma:espanyol
Publicat: Madrid Marcial Pons 2019
Edició:1a. ed
Col·lecció:Filosofía y Derecho
Matèries:
Etiquetes: Afegir etiqueta
Sense etiquetes, Sigues el primer a etiquetar aquest registre!

MARC

LEADER 00000cam a2200000 a 4500
001 UCC9405
003 CL-VaPUC
005 20210313002327.0
008 190927e20190000sp |||||||||||||||||spa|d
020 |a 9788491236399 
040 |c Pontificia Universidad Católica de Valparaíso 
082 0 4 |a 340.1  |b RAM  |2 21 
100 0 |a Ramos, Vitor de Paula  |e author  |9 604453 
245 1 3 |a La prueba testifical: del subjetivismo al objetivismo, del aislamiento científico al diálogo con la Psicología y la Epistemología 
250 |a 1a. ed 
260 |a Madrid  |b Marcial Pons  |c 2019 
300 |a 196 p 
490 0 |a Filosofía y Derecho 
583 |a last modification  |c 20190927 15:31:00  |k Rodrigo Vera 
650 0 |a Filosofía del derecho   |9 255050 
650 0 |a Prueba  |9 256247 
650 7 |a TESTIMONIO  |2 CL-VaPUC  |9 334045 
650 7 |a TESTIGOS  |2 CL-VaPUC  |9 604454 
942 |c BK 
945 |d 20190927 15:31:00  |a dcastane 
999 |c 375586  |d 375584 
952 |0 0  |1 0  |3 erb  |4 0  |6 340_100000000000000_RAM_2019  |7 0  |8 A  |9 494592  |a BIBDER  |b BIBDER  |i 5561965  |l 2  |o 340.1 RAM 2019  |p 5561965  |r 2023-01-25  |s 2022-07-20  |w 2019-11-24  |y BK  |z Catalogado en:20190927  |k DER